|
|
|
|
| LEADER |
00000cam a2200000 a 4500 |
| 001 |
vtls008334390 |
| 003 |
SK-MaSNL |
| 005 |
20260301143330.0 |
| 008 |
180814s1973 xo 000 m slo |
| 015 |
|
|
|a SNBA1974/02-00686
|
| 035 |
|
|
|a SK01SNK19740026607
|
| 035 |
|
|
|a SKM000029070
|
| 040 |
|
|
|a SNK
|b slo
|c SNK
|e AACR2
|
| 041 |
1 |
|
|a slo
|
| 044 |
|
|
|a xo
|c SK
|
| 080 |
|
|
|a 281.94(059)"1974"
|2 1981
|
| 080 |
|
|
|a 059:281.94"1974"
|2 1981
|
| 245 |
0 |
0 |
|a Kalendár Slova pre gréckokatolíkov na rok 1974
|c autorom ilustr. je Mikuláš Klimáček ; snímky: J. Motulko ... [et al.]
|
| 260 |
|
|
|a Bratislava
|b CN
|a Trnava
|b Spolok sv. Vojtecha
|c 1973
|e Prešov
|f Dukelské tlačiarne
|
| 300 |
|
|
|a 125, [3] s.
|c 8°
|
| 504 |
|
|
|a Bibliogr.
|
| 610 |
2 |
7 |
|a Gréckokatolícka cirkev
|2 SNK
|9 32576
|
| 648 |
|
7 |
|a 1974
|2 SNKPH
|9 337786
|
| 655 |
|
7 |
|a textové kalendáre
|2 SNKPH
|9 60816
|
| 700 |
1 |
|
|a Klimáček, Mikuláš
|4 ill
|9 500122
|
| 700 |
1 |
|
|a Motulko, Ján,
|d 1920-2013
|4 pht
|9 114662
|
| 852 |
|
|
|a Slovenská národná knižnica v Martine
|b 10000
|h ČSD 463/1974
|
| 852 |
|
|
|a Slovenská národná knižnica v Martine
|b 10000
|h ČSD 463/1974 D1
|
| 958 |
|
|
|a OND
|
| 958 |
|
|
|a RK
|
| 958 |
|
|
|a TL
|
| 958 |
|
|
|a NB
|
| 958 |
|
|
|a NT
|
| 999 |
|
|
|c 773339
|d 775269
|
| 952 |
|
|
|t P60, <04>, [BOOK], {604}
|a SNK
|b SNK
|y VYP
|7 0
|p 17A0162329
|o snkČSD 463/1974 D1
|0 0
|1 0
|4 0
|d 1998-09-23
|l 0
|r 2005-01-02 00:00:00
|w 2026-02-24
|